000 00342nam a2200133Ia 4500
008 240624s9999 xx 000 0 und d
041 _aeng
082 _a828 RAM
100 _aRAMAMOHANARAO MAHIDHARA
245 _aSWARAJYAM
260 _c2012
_aNew Delhi
_bOxford University Press
300 _axlii, : 358 : p. : cm. ; 22
365 _cRS
_b32
999 _c19412
_d19412